Arrested Development Tough Trivia Quiz Stats

 Plays Quiz Updated Sep 6, 2019

Score 0/50 Timer 10:00
5 Plays Today
Clue Answer % Correct
The psychological condition which leads to Tobias constantly wearing jean cut-offsnever-nude
95.4%
What's the most important thing in life?Family
91.5%
A group Tobias wants to join; it's not a group of depressed men, like you thinkBlue Man Group
76%
If George Sr has to rush out for milk, he might accidentally run someone over and knock off his arm. And that's why you always...leave a note
74.5%
Tobias signs up for acting lessons with this actor after meeting him on a Super ShuttleCarl Weathers
71.1%
The bastard that GOB believes Marta is cheating on him with, mon frerehermano
70.5%
Seemingly innocuous song that Michael & Maebe, and then Lindsay & George Michael, discover is not so innocuousAfternoon Delight
70.3%
The guy who stabs GOB in prisonWhite Power Bill
70.1%
How many years Steve Holt was student body presidentfour (Steve Holt!)
68%
The bedrock rule for visitors at George Sr's prisonNo touching!
67.6%
The person who provides the legs for GOB's 'saw a lady in half' trickGeorge Michael
67.1%
The pictures of WMDs used to coerce Michael actually show this part of Tobias' bodyballs
66.5%
The name of Tobias' best-selling book (...in the gay community)The Man Inside Me
64.4%
Despite being seemingly innocuous, this gesture is a serious insult in Mexicochicken dance
61.4%
Again, what's the most important thing in life?Breakfast
60.2%
If you drive the stair-car, you're gonna get thesehop-ons
59.5%
Last name Tobias gives to his Mrs. Doubtfire-esque characterFeatherbottom
56.8%
Michael negotiates the licensing rights to this cartoon character away from GOBMr Bananagrabber
56%
Owner of Standpoor Industries, who acquires a controlling stake in the Bluth CompanyLucille Austero
55.9%
Tobias' role in 'Scandalmakers'George Sr.
54.9%
GOB buries himself in his father's place in order to make the cover of what magazine? Poof
52.9%
GOB and Tobias' investment conceptGobias Industries
52.5%
'Ha...ha...why don't I just take a wizz through this $5000 suit? ____ __!'Come on!
52%
The narrator is legally obligated to distinguish between an event Lucille likes to attend and this bandMotherboy
50.6%
The name of the second child the Bluths adoptedHel-loh
49.7%
Clue Answer % Correct
'Maggie Lizer, as in Maggie...'lies her ass off
48.8%
The name of Maeby's 'twin' Surely
45.1%
A name that George Sr's accountant, Ira, hates being calledGilligan
44.2%
A drug whose side effects include decreased sex-drive and memory lapsesTeamocil
42.3%
The series of self-help videos George Sr stars in and produces from prisonCaged Wisdom
39.7%
Michael tells GOB to get rid of this boatThe Seaward
39.4%
According to both George Sr and GOB, you never fire...crazy
39.3%
Small island off the coast of SoCal of which Buster is deathly afraidCatalina Island
36.6%
GOB's slogan for the new, GOB-led Bluth CompanySolid as a Rock
33.8%
The full name of GOB's friend, partner and puppetFranklin Delano Bluth
32.6%
GOB was halfway to this location before coming back to rescue Michael from LucilleSouth America
32.1%
GOB is primarily concerned with the ______ in the room he uses to write the warden a strongly worded letterlighting
29.5%
The poster Lucille makes for Buster when he leaves for the Army says...You're killing me Buster
27.8%
Lucille's accompaniment to the 'Living Classics' pageantWayne Jarvis
26.9%
The school play that results in Maeby playing a male roleAs You Like It or Much Ado About Nothing
19.4%
The name of the soap opera Marta acts inEl Amor Prohibido
19%
Where Maeby 'went' with her 'debate team' Sacremende
18.9%
GOB's first guess at his wife's nameCrindee
18.4%
Magazine cover on which Lucille and Buster appear from time to timeBalboa Bay Window
16%
What he calls her to her faceusarmy
13%
The CD they put out togetherFranklin Comes Alive
12.3%
What happened to Mr. Daniels?he had a stroke
11.9%
His second guessSaul Zaentzman (nope, that's her lawyer)
8.5%
The motion picture Maeby does script research forThe Young Man and the Beach
7.7%
'It's called _____ ______. It's what gets you ahead in life.'taking advantage
7.2%

You're not logged in!

Compare scores with friends on all Sporcle quizzes.
OR
Log In

Sporcle TV

Today on Sporcle TV


Watch our educational content, quiz creation guides, and fun videos on Sporcle TV.

Show Comments

Extras

Top Quizzes Today


Score Distribution

Your Account Isn't Verified!

In order to create a playlist on Sporcle, you need to verify the email address you used during registration. Go to your Sporcle Settings to finish the process.

Report this User

Report this user for behavior that violates our Community Guidelines.

Details: